00611 2200205 4500001002100000005001500021035002000036007000300056008004100059020002200100100002000122245010900142250001000251260003600261300003100297082001100328084001700339650001400356990003500370INLIS00000000000686820251118105746 a0010-0825000028ta251118 0 ind  a978-623-293-311-81 aChandra, Fabian1 aSocial Media Marketing :bStrategi Memaksimalkan Media Sosial untuk Lejitkan Penjualan /cFabian Chandra acet.1 aYogyakarta :bDiva Press,c2021 a100 hlm. :bilus. ;c20 cm a658.81 a658.81 Cha s 4aMarketing ac.1/92/Polbangtan Yoma/ha/2025